<?xml version="1.0" encoding="UTF-8"?>
<record
    xmlns:xsi="http://www.w3.org/2001/XMLSchema-instance"
    xsi:schemaLocation="http://www.loc.gov/MARC21/slim http://www.loc.gov/standards/marcxml/schema/MARC21slim.xsd"
    xmlns="http://www.loc.gov/MARC21/slim">

  <leader>00872nam a2200205 i 4500</leader>
  <controlfield tag="001">27899</controlfield>
  <controlfield tag="003">ES-MaACL</controlfield>
  <controlfield tag="005">20260202063013.0</controlfield>
  <controlfield tag="007">t|</controlfield>
  <controlfield tag="008">030115m18361837sp           ||||1| spa d</controlfield>
  <datafield tag="100" ind1="1" ind2=" ">
    <subfield code="a">Balbi, Adriano, </subfield>
    <subfield code="d">1782-1848</subfield>
    <subfield code="9">24843</subfield>
  </datafield>
  <datafield tag="245" ind1="1" ind2="0">
    <subfield code="a">Compendio de Geograf&#xED;a Universal </subfield>
    <subfield code="b">: redactado bajo un nuevo plan con presencia de los &#xFA;ltimos tratados de paz y los descubrimientos mas recientes / </subfield>
    <subfield code="c">por Adrian Balbi ; trad&#xFA;celo del franc&#xE9;s con varias notas y considerablemente aumentada y corregida en la parte de Espa&#xF1;a Sebastian Fabregas.</subfield>
  </datafield>
  <datafield tag="260" ind1=" " ind2=" ">
    <subfield code="a">Madrid : </subfield>
    <subfield code="b">[s.n.], </subfield>
    <subfield code="c">1836-1837 (</subfield>
    <subfield code="f">Emilio Fern&#xE1;ndez de Angulo)</subfield>
  </datafield>
  <datafield tag="300" ind1=" " ind2=" ">
    <subfield code="a">3 v. ; </subfield>
    <subfield code="c">21 cm.</subfield>
  </datafield>
  <datafield tag="650" ind1="0" ind2="7">
    <subfield code="a">Geograf&#xED;a</subfield>
    <subfield code="2">embne</subfield>
    <subfield code="9">13070</subfield>
  </datafield>
  <datafield tag="651" ind1=" " ind2="4">
    <subfield code="a">Espa&#xF1;a-</subfield>
    <subfield code="x">Geograf&#xED;a.</subfield>
    <subfield code="9">8200</subfield>
  </datafield>
  <datafield tag="700" ind1="1" ind2=" ">
    <subfield code="a">F&#xE1;bregas, Sebasti&#xE1;n.</subfield>
    <subfield code="9">48555</subfield>
  </datafield>
  <datafield tag="852" ind1=" " ind2=" ">
    <subfield code="a">ES-MaACL</subfield>
    <subfield code="j">C-617-19</subfield>
  </datafield>
  <datafield tag="999" ind1=" " ind2=" ">
    <subfield code="c">27899</subfield>
    <subfield code="d">27899</subfield>
  </datafield>
  <datafield tag="952" ind1=" " ind2=" ">
    <subfield code="0">0</subfield>
    <subfield code="1">0</subfield>
    <subfield code="4">0</subfield>
    <subfield code="7">0</subfield>
    <subfield code="8">LIBXIX</subfield>
    <subfield code="a">ATENEOM</subfield>
    <subfield code="b">ATENEOM</subfield>
    <subfield code="c">SPAL</subfield>
    <subfield code="d">2008-01-17</subfield>
    <subfield code="e">SC</subfield>
    <subfield code="l">0</subfield>
    <subfield code="o">C-617-19</subfield>
    <subfield code="p">1028806</subfield>
    <subfield code="r">2023-02-23 00:00:00</subfield>
    <subfield code="w">2023-02-23</subfield>
    <subfield code="y">MONANT</subfield>
  </datafield>
</record>
